000
00272nam a2200109Ia 4500
001
1276022
005
20260417160439.0
008
260417s9999 xx 000 0 und d
020
_a
9786256698208
245
0
_a
More Hands
_c
Jenny Molendyk Divleli
260
_b
Ketebe Çocuk
999
_c
1276022
_d
1276022